Contabilidad administrativa (Registro nro. 2231)
[ vista simple ]
| 000 -CABECERA | |
|---|---|
| campo de control de longitud fija | 00880aam a2200325 4500 |
| 005 - FECHA Y HORA DE ACTUALIZACIÓN | |
| campo de control | 20240927192314.0 |
| 008 - LONGITUD FIJA | |
| campo de control de longitud fija | 150525b xxu||||| |||| 00| 0 spa d |
| 041 ## - IDIOMA | |
| Código de idioma del texto/pista de sonido o título separado | |
| 082 ## - CLASIFICACIÓN DECIMAL DEWEY | |
| Número de clasificación | 658.151.1 R165co |
| 100 ## - AUTOR PERSONAL | |
| Nombre de persona | Ramirez Padilla, David Noel |
| 245 ## - TÍTULO PROPIAMENTE DICHO | |
| Título | Contabilidad administrativa |
| 260 ## - PIE DE IMPRENTA | |
| Lugar de publicación, distribución, etc. | México |
| Nombre del editor, distribuidor, etc. | McGraw-Hill |
| Fecha de publicación, distribución, etc. | 2008 |
| 300 ## - DESCRIPCIÓN FÍSICA | |
| Extensión | 607 páginas |
| 650 ## - Materia General | |
| Materia general | CONTABILIDAD ADMINISTRATIVA |
| 650 ## - Materia General | |
| Materia general | INFORMACIÓN CONTABLE |
| 650 ## - Materia General | |
| Materia general | EMPRESAS COMPETITIVAS |
| 650 ## - Materia General | |
| Materia general | GLOBALIZACIÓN |
| 650 ## - Materia General | |
| Materia general | NEGOCIOS |
| 650 ## - Materia General | |
| Materia general | COSTOS |
| 650 ## - Materia General | |
| Materia general | BENCHMARKING |
| 650 ## - Materia General | |
| Materia general | HISTORIA |
| 650 ## - Materia General | |
| Materia general | COSTOS |
| 650 ## - Materia General | |
| Materia general | CADENA DE VALOR |
| 650 ## - Materia General | |
| Materia general | TEORIA DE VALOR |
| 650 ## - Materia General | |
| Materia general | PRESUPUESTO FINANCIERO |
| 650 ## - Materia General | |
| Materia general | PROYECTOS DE INVERSIÓN |
| 650 ## - Materia General | |
| Materia general | EVALUACIÓN DEL DESEMPEÑO |
| 650 ## - Materia General | |
| Materia general | INFORMACIÓN CONTABLE |
| 942 ## - Punto de Acceso Adicional Koha | |
| Tipo de ítem Koha | Libro |
| Estado perdido | Fuente de clasificación o esquema de estantería | Estado dañado | No para préstamo | Biblioteca permanente | Biblioteca actual | Enumeración serial/Volumen | Signatura completa | Código de barras | Precio efectivo a partir del | Programa Académico | Tipo de ítem |
|---|---|---|---|---|---|---|---|---|---|---|---|
| Dewey Decimal Classification | Departamento de Biblioteca y Documentación Alfonso Chase Brenes | Departamento de Biblioteca y Documentación Alfonso Chase Brenes | 8 edición | 658.151.1 R165co | 15054 | 07/09/2016 | Libro | ||||
| Dewey Decimal Classification | Departamento de Biblioteca y Documentación Alfonso Chase Brenes | Departamento de Biblioteca y Documentación Alfonso Chase Brenes | 8 edición | 658.151.1 R165co | 15055 | 07/09/2016 | Libro |